000 00420nam a2200169Ia 4500
001 23125
003 IN-NITTTR
005 20251114233300.0
008 251113s9999||||xx |||||||||||||| ||eng||
040 _beng
040 _cIN-NITTTR
041 _aeng
082 _a658.562 M624Q
100 _aMills, Charles A.
245 4 _aThe quality audit :
_b a management evaluation tool /
_cMills, Charles A.
942 _2ddc
_cBK
999 _c25754
_d25754